Catálogo de materiales didácticos 1998 para el Centro de Recursos para el Aprendizaje
Պահպանված է:
| Ձևաչափ: | Գիրք |
|---|---|
| Լեզու: | իսպաներեն |
| Հրապարակվել է: |
Santiago
Programa MECE- Media
1998
|
| Խորագրեր: | |
| Ցուցիչներ: |
Ավելացրեք ցուցիչ
Չկան պիտակներ, Եղեք առաջինը, ով նշում է այս գրառումը!
|
MARC
| LEADER | 00000nam a2200000 a 4500 | ||
|---|---|---|---|
| 001 | UCP0469 | ||
| 003 | CL-VaPUC | ||
| 008 | 990313e19980000CL |||||||||||||||||spa|d | ||
| 082 | 0 | 4 | |a 371.307 |b MIN |2 21 |
| 245 | 1 | 0 | |a Catálogo de materiales didácticos 1998 para el Centro de Recursos para el Aprendizaje |
| 300 | |a 197 p | ||
| 942 | |c BK | ||
| 945 | |d 19990313 00:00:00 |a rbrito | ||
| 260 | |a Santiago |b Programa MECE- Media |c 1998 | ||
| 650 | 7 | |a CENTRO DE RECURSOS PARA EL APRENDIZAJE |2 CL-VaPUC |9 425770 | |
| 650 | 7 | |a BIBLIOTECA ESCOLAR |2 CL-VaPUC |9 395917 | |
| 650 | 0 | |a Educación básica |9 224933 | |
| 650 | 7 | |a MATERIALES DIDACTICOS |2 CL-VaPUC |9 425771 | |
| 583 | |a last modification |c 19990313 00:00:00 |k Rodrigo Vera | ||
| 999 | |c 279250 |d 279248 | ||
| 952 | |0 0 |1 0 |4 0 |6 371_307000000000000_MIN_1998 |7 0 |8 P |9 318222 |a BIBEDU |b BIBEDU |c BIBEDU_PB |d 2019-11-20 |i 350459K |o 371.307 MIN 1998 |p 350459K |r 2024-01-25 |w 2019-11-20 |y BK |k EDU | ||